[Event "Open de la Constitución 2019"]
[Site "S. S. de los Reyes ESP"]
[Date "2019.12.05"]
[Round "6.21"]
[White "Solanilla Olcese, Ada"]
[Black "Boza Moreno, Pedro"]
[Result "0-1"]
[WhiteElo "1379"]
[BlackElo "1671"]
[PlyCount "140"]
[EventDate "2019.11.30"]
[EventType "swiss"]
[EventRounds "9"]
[EventCountry "ESP"]
[SourceTitle "Ajedrez en Madrid"]
[Source "lmi"]
[SourceDate "2019.11.30"]
[SourceVersion "1"]
[SourceVersionDate "2019.12.16"]
[SourceQuality "1"]

1. e4 e5 2. Nf3 d6 3. Nc3 Nf6 4. Be2 Be7 5. O-O c6 6. d4 Qc7 7. Bg5 O-O 8. Bh4
Bg4 9. dxe5 dxe5 10. Bg3 Nbd7 11. h3 Bxf3 12. Bxf3 Rad8 13. Qe2 Rfe8 14. Rfe1
h6 15. Bg4 Nxg4 16. Qxg4 Nf6 17. Qe2 b6 18. Rad1 b5 19. a3 a5 20. Na2 Rxd1 21.
Rxd1 Rd8 22. Rxd8+ Bxd8 23. f3 Nh5 24. Bf2 Nf4 25. Qd2 Bg5 26. Be3 Qd8 27.
Qxd8+ Bxd8 28. Kf2 f6 29. b3 Be7 30. a4 bxa4 31. bxa4 Ne6 32. Bb6 Bc5+ 33. Bxc5
Nxc5 34. Nc3 Kf7 35. Ke3 Ke6 36. g3 g5 37. f4 exf4+ 38. gxf4 f5 39. fxg5 hxg5
40. exf5+ Kxf5 41. Kf3 Nd7 42. Kg3 Ne5 43. Kg2 Nc4 44. Kf3 Na3 45. Ne2 Nxc2 46.
Kg3 c5 47. Nc3 Nd4 48. Nb5 Nb3 49. Nd6+ Ke6 50. Nb5 c4 51. Kg4 Kf6 52. Nc3 Nc5
53. Kf3 Ke5 54. Ke3 Ne6 55. Kf3 Kd4 56. Nb5+ Kd3 57. Kg4 c3 58. Nxc3 Kxc3 59.
Kf5 Kb4 60. Kxe6 Kxa4 61. Kf5 Kb3 62. Kxg5 a4 63. h4 a3 64. h5 a2 65. h6 a1=Q
66. Kg6 Qh8 67. h7 Kc4 68. Kh6 Kd5 69. Kg6 Ke6 70. Kh6 Kf7 0-1

[Event "Open de la Constitución 2019"]
[Site "S. S. de los Reyes ESP"]
[Date "2019.12.05"]
[Round "6.23"]
[White "Alfaya Martinez, Enrique"]
[Black "Diaz Del Prado, Carlos"]
[Result "1-0"]
[WhiteElo "1560"]
[BlackElo "1287"]
[PlyCount "57"]
[EventDate "2019.11.30"]
[EventType "swiss"]
[EventRounds "9"]
[EventCountry "ESP"]
[SourceTitle "Ajedrez en Madrid"]
[Source "lmi"]
[SourceDate "2019.11.30"]
[SourceVersion "1"]
[SourceVersionDate "2019.12.16"]
[SourceQuality "1"]

1. d4 d6 2. Bf4 g6 3. e3 Bg7 4. Nf3 Nd7 5. Be2 e5 6. Bg5 Ne7 7. c4 O-O 8. Nc3
f5 9. Nd5 Bf6 10. Nxf6+ Nxf6 11. dxe5 Ne4 12. exd6 Nxg5 13. dxe7 Qxe7 14. Nxg5
Qxg5 15. O-O Be6 16. Qb3 Rab8 17. Qa4 a6 18. Rfd1 f4 19. exf4 Qxf4 20. Bf3 Qxc4
21. Qxc4 Bxc4 22. Rdc1 b5 23. b3 Bd3 24. Rxc7 Rfe8 25. g3 Be4 26. Bxe4 Rxe4 27.
Rd1 Rf8 28. Rdd7 Re1+ 29. Kg2 1-0

[Event "Open de la Constitución 2019"]
[Site "S. S. de los Reyes ESP"]
[Date "2019.12.05"]
[Round "6.27"]
[White "Sanchez Villodres, Mario"]
[Black "Raskin Calvo, Maximilian"]
[Result "0-1"]
[WhiteElo "1187"]
[BlackElo "1264"]
[PlyCount "82"]
[EventDate "2019.11.30"]
[EventType "swiss"]
[EventRounds "9"]
[EventCountry "ESP"]
[SourceTitle "Ajedrez en Madrid"]
[Source "lmi"]
[SourceDate "2019.11.30"]
[SourceVersion "1"]
[SourceVersionDate "2019.12.16"]
[SourceQuality "1"]

1. e4 e5 2. Nf3 Nc6 3. Nc3 Nf6 4. Bb5 d6 5. O-O a6 6. Ba4 b5 7. Bb3 Bg4 8. a3
Nd4 9. Ba2 c6 10. h3 Bh5 11. d3 d5 12. exd5 cxd5 13. Re1 Nxf3+ 14. gxf3 Qd6 15.
d4 e4 16. Qd3 Be7 17. fxe4 dxe4 18. Nxe4 Nxe4 19. Qxe4 Rd8 20. Bf4 Qd7 21. Bd5
O-O 22. Qxe7 Qxd5 23. Rad1 Bxd1 24. Rxd1 Qf3 25. Re1 Qxf4 26. c3 h6 27. Qb7
Qg5+ 28. Kf1 Ra8 29. d5 Qf5 30. d6 Qxh3+ 31. Kg1 Qc8 32. Qe7 Qd8 33. Qb7 Qxd6
34. Qf3 Rad8 35. Rc1 Qd2 36. Rf1 Qxb2 37. Qc6 Qxa3 38. c4 Rd6 39. Qe4 Qh3 40.
f3 Rd2 41. Qg4 Qh2# 0-1

[Event "Open de la Constitución 2019"]
[Site "S. S. de los Reyes ESP"]
[Date "2019.12.06"]
[Round "7.1"]
[White "Sanchez Saez, Francisco"]
[Black "Iagar, Razvan-Gabriel"]
[Result "1/2-1/2"]
[WhiteElo "2337"]
[BlackElo "2182"]
[PlyCount "100"]
[EventDate "2019.11.30"]
[EventType "swiss"]
[EventRounds "9"]
[EventCountry "ESP"]
[SourceTitle "Ajedrez en Madrid"]
[Source "lmi"]
[SourceDate "2019.11.30"]
[SourceVersion "1"]
[SourceVersionDate "2019.12.16"]
[SourceQuality "1"]

1. c4 Nf6 2. Nc3 c6 3. e4 d5 4. e5 d4 5. exf6 dxc3 6. bxc3 exf6 7. d4 Bd6 8.
Bd3 c5 9. Ne2 Nc6 10. O-O O-O 11. Be3 b6 12. Ng3 Qc7 13. Qf3 Re8 14. Kh1 Bd7
15. Nh5 Bf8 16. Rae1 Rad8 17. Bf4 Qc8 18. Qg3 Kh8 19. d5 Rxe1 20. Rxe1 Re8 21.
f3 Ne7 22. Bd6 Nf5 23. Bxf5 Rxe1+ 24. Qxe1 Bxd6 25. Bxd7 Qxd7 26. Ng3 Kg8 27.
Ne4 Qe7 28. Qd2 Kf8 29. g3 f5 30. Nxd6 Qxd6 31. Kg2 f6 32. Kf2 Ke7 33. f4 g6
34. Qd1 Qd7 35. Qb3 Kd6 36. Qa3 a5 37. Qb3 Kc7 38. Qd1 Kd6 39. Qb3 Kc7 40. Qd1
Kd6 41. h3 h5 42. Qb3 Kc7 43. Qd1 Kd6 44. Qb3 Kc7 45. Qd1 Kd6 46. Qe2 Kc7 47.
Qb2 Kb7 48. Qe2 Kc7 49. Qb2 Kb7 50. Qe2 Kc7 1/2-1/2

[Event "Open de la Constitución 2019"]
[Site "S. S. de los Reyes ESP"]
[Date "2019.12.06"]
[Round "7.2"]
[White "Salvador Cabo, Cesar"]
[Black "Quevedo Marin, Manuel"]
[Result "1-0"]
[WhiteElo "1988"]
[BlackElo "2197"]
[PlyCount "109"]
[EventDate "2019.11.30"]
[EventType "swiss"]
[EventRounds "9"]
[EventCountry "ESP"]
[SourceTitle "Ajedrez en Madrid"]
[Source "lmi"]
[SourceDate "2019.11.30"]
[SourceVersion "1"]
[SourceVersionDate "2019.12.16"]
[SourceQuality "1"]

1. Nf3 d5 2. g3 g6 3. Bg2 Bg7 4. O-O e5 5. d3 Ne7 6. Nfd2 O-O 7. c4 Nbc6 8. Nc3
Be6 9. Qb3 dxc4 10. dxc4 Rb8 11. Rd1 Qc8 12. Nd5 Nxd5 13. cxd5 Nd4 14. Qd3 Bg4
15. Nf3 e4 16. Qxe4 Re8 17. Rxd4 Rxe4 18. Rxe4 Bf5 19. Rc4 b5 20. Rc5 Bf8 21.
Rc3 b4 22. Rc4 Qa6 23. Nd2 Bh6 24. e3 b3 25. Bf1 Qa5 26. Rc3 Bg7 27. Nxb3 Qxd5
28. Rxc7 a5 29. e4 Qxe4 30. Bf4 Rc8 31. Rd1 Rxc7 32. Rd8+ Bf8 33. Bxc7 Kg7 34.
Bxa5 Qb1 35. Bc3+ f6 36. Re8 Qxa2 37. Nd4 Bd7 38. Re1 Bc5 39. Nc2 Qa7 40. Ne3
Bc6 41. Bg2 Bxg2 42. Kxg2 Bd4 43. Kg1 Bxc3 44. bxc3 Qa5 45. Rc1 Qa3 46. Rc2 f5
47. c4 Qd3 48. c5 g5 49. c6 f4 50. c7 fxe3 51. c8=Q e2 52. Qb7+ Kh6 53. Rc6+
Kh5 54. Qf7+ Kg4 55. h3+ 1-0

[Event "Open de la Constitución 2019"]
[Site "S. S. de los Reyes ESP"]
[Date "2019.12.06"]
[Round "7.3"]
[White "Martinez Fernandez, Raul"]
[Black "Torres Boch, Jose F."]
[Result "0-1"]
[WhiteElo "2203"]
[BlackElo "2154"]
[PlyCount "68"]
[EventDate "2019.11.30"]
[EventType "swiss"]
[EventRounds "9"]
[EventCountry "ESP"]
[SourceTitle "Ajedrez en Madrid"]
[Source "lmi"]
[SourceDate "2019.11.30"]
[SourceVersion "1"]
[SourceVersionDate "2019.12.16"]
[SourceQuality "1"]

1. e4 c5 2. Nf3 d6 3. Bb5+ Nd7 4. d4 cxd4 5. Qxd4 a6 6. Bxd7+ Bxd7 7. O-O Rc8
8. c4 Qc7 9. b3 b5 10. Be3 e5 11. Qb2 Qb7 12. c5 Qxe4 13. Nc3 Qg6 14. Rfe1 Bc6
15. Qe2 dxc5 16. Bf4 f6 17. Nh4 Qf7 18. Bxe5 fxe5 19. Qxe5+ Be7 20. Nf5 Kf8 21.
Nxe7 Nxe7 22. Qd6 h5 23. Re6 Rh6 24. Rae1 Rxe6 25. Rxe6 Be8 26. Re3 Rc6 27. Qd8
Re6 28. Ne4 Nf5 29. Re1 Qd7 30. Qa5 Qd5 31. Ng5 Rxe1+ 32. Qxe1 Bc6 33. Nf3 Nd4
34. Nh4 Qe4 0-1

[Event "Open de la Constitución 2019"]
[Site "S. S. de los Reyes ESP"]
[Date "2019.12.06"]
[Round "7.4"]
[White "Perez Gonzalez, Jose Manuel"]
[Black "Aziz Ortego, Omar Luis"]
[Result "1-0"]
[WhiteElo "2161"]
[BlackElo "2019"]
[PlyCount "105"]
[EventDate "2019.11.30"]
[EventType "swiss"]
[EventRounds "9"]
[EventCountry "ESP"]
[SourceTitle "Ajedrez en Madrid"]
[Source "lmi"]
[SourceDate "2019.11.30"]
[SourceVersion "1"]
[SourceVersionDate "2019.12.16"]
[SourceQuality "1"]

1. e4 e6 2. d4 d5 3. Nd2 c6 4. Ngf3 dxe4 5. Nxe4 Nd7 6. Bd3 Ngf6 7. c3 Nxe4 8.
Bxe4 Nf6 9. Bd3 Bd6 10. Bg5 Qc7 11. O-O h6 12. Bh4 Ng4 13. Bg3 Bxg3 14. hxg3 h5
15. Re1 Bd7 16. Bf5 Nh6 17. Bd3 O-O-O 18. Ne5 Rdg8 19. Qxh5 Be8 20. Qe2 g5 21.
Nc4 Qe7 22. g4 Qc7 23. g3 f5 24. Qxe6+ Bd7 25. Qe5 Nxg4 26. Qxc7+ Kxc7 27. Re7
Nh6 28. Ne5 Rd8 29. Kg2 Rhe8 30. Rxd7+ Rxd7 31. Nxd7 Kxd7 32. Rh1 Re6 33. Rh5
g4 34. Rxf5 Kd6 35. Rh5 b6 36. Rg5 c5 37. dxc5+ bxc5 38. Bc4 Rf6 39. b4 cxb4
40. cxb4 Kc6 41. Be2 Nf7 42. Rxg4 Ne5 43. Rf4 Rd6 44. Rf5 Nd7 45. Bb5+ Kb6 46.
Bxd7 Rxd7 47. a4 Rd2 48. Rf6+ Kb7 49. Rf7+ Ka6 50. b5+ Kb6 51. a5+ Kxa5 52.
Rxa7+ Kxb5 53. Rc7 1-0

[Event "Open de la Constitución 2019"]
[Site "S. S. de los Reyes ESP"]
[Date "2019.12.06"]
[Round "7.5"]
[White "Lozano Suarez, Luis Miguel"]
[Black "Pindado Campos, Raul"]
[Result "1-0"]
[WhiteElo "2130"]
[BlackElo "2100"]
[PlyCount "81"]
[EventDate "2019.11.30"]
[EventType "swiss"]
[EventRounds "9"]
[EventCountry "ESP"]
[SourceTitle "Ajedrez en Madrid"]
[Source "lmi"]
[SourceDate "2019.11.30"]
[SourceVersion "1"]
[SourceVersionDate "2019.12.16"]
[SourceQuality "1"]

1. e4 c5 2. b3 Nc6 3. Bb2 d6 4. Bb5 Bd7 5. f4 e6 6. Nf3 a6 7. Bxc6 Bxc6 8. Qe2
Nf6 9. Nc3 Be7 10. O-O-O Qc7 11. d4 cxd4 12. Nxd4 Bd7 13. e5 dxe5 14. fxe5 Ng8
15. Kb1 Nh6 16. g4 O-O-O 17. Ne4 Kb8 18. Rhf1 Ka8 19. h3 Bc8 20. a4 Rd7 21. Nf3
Rhd8 22. Rxd7 Bxd7 23. Nfd2 b5 24. axb5 axb5 25. Nd6 Bc6 26. N2e4 f6 27. Nxb5
Qa5 28. Nbd6 fxe5 29. Nc4 Qb5 30. Bxe5 Bd5 31. Ned2 Bb4 32. Bc7 Rb8 33. Bxb8
Qxb8 34. Qe3 Qd8 35. Qb6 Qe7 36. Kb2 Bb7 37. Ne4 Kb8 38. Ned6 Bxd6 39. Nxd6 e5
40. Rf8+ Qxf8 41. Qxb7# 1-0

[Event "Open de la Constitución 2019"]
[Site "S. S. de los Reyes ESP"]
[Date "2019.12.06"]
[Round "7.6"]
[White "Alonso Abad, Enrique"]
[Black "Longa Yauca, Javier"]
[Result "0-1"]
[WhiteElo "1994"]
[BlackElo "2198"]
[PlyCount "96"]
[EventDate "2019.11.30"]
[EventType "swiss"]
[EventRounds "9"]
[EventCountry "ESP"]
[SourceTitle "Ajedrez en Madrid"]
[Source "lmi"]
[SourceDate "2019.11.30"]
[SourceVersion "1"]
[SourceVersionDate "2019.12.16"]
[SourceQuality "1"]

1. e4 e6 2. d4 d5 3. Bd3 dxe4 4. Bxe4 Nf6 5. Bf3 Be7 6. Ne2 O-O 7. O-O Nbd7 8.
c4 c5 9. Be3 cxd4 10. Nxd4 Nb6 11. Qc2 Qc7 12. b3 Bd7 13. Nc3 a6 14. Rfd1 Rad8
15. Rac1 Rfe8 16. Ne4 Nc8 17. Nxf6+ Bxf6 18. Be4 g6 19. c5 Ne7 20. Nf3 Nc6 21.
Bg5 Bxg5 22. Nxg5 f5 23. Bd3 Nd4 24. Qb1 h6 25. Bc4 Qe5 26. Qa1 Bc8 27. Nf3
Nxf3+ 28. gxf3 Rxd1+ 29. Rxd1 Qxa1 30. Rxa1 Rd8 31. Re1 Kf7 32. Re3 Kf6 33. f4
Rd4 34. Rd3 Rxd3 35. Bxd3 e5 36. Kf1 exf4 37. Ke2 Ke5 38. b4 Kd4 39. Kd2 Bd7
40. h4 g5 41. hxg5 hxg5 42. a3 g4 43. Bb1 g3 44. fxg3 fxg3 45. Ke2 f4 46. Kf1
f3 47. Ba2 Ke3 48. Bd5 Bh3+ 0-1

[Event "Open de la Constitución 2019"]
[Site "S. S. de los Reyes ESP"]
[Date "2019.12.06"]
[Round "7.7"]
[White "Perez Ordoñez, Jose Ramon"]
[Black "Lopez de Turiso, Jose Angel"]
[Result "1-0"]
[WhiteElo "2149"]
[BlackElo "1947"]
[PlyCount "119"]
[EventDate "2019.11.30"]
[EventType "swiss"]
[EventRounds "9"]
[EventCountry "ESP"]
[SourceTitle "Ajedrez en Madrid"]
[Source "lmi"]
[SourceDate "2019.11.30"]
[SourceVersion "1"]
[SourceVersionDate "2019.12.16"]
[SourceQuality "1"]

1. e4 e5 2. Nf3 Nc6 3. Bc4 Nf6 4. d3 Be7 5. c3 O-O 6. O-O d5 7. exd5 Nxd5 8.
Re1 Bg4 9. h3 Bh5 10. Nbd2 Nb6 11. g4 Bg6 12. Nxe5 Nxe5 13. Rxe5 Bd6 14. Re3
Nxc4 15. Nxc4 Bf4 16. Rf3 Bxc1 17. Rxc1 Qg5 18. d4 h5 19. Qd2 Qd5 20. Ne5 hxg4
21. c4 Qe6 22. Nxg4 Rad8 23. b3 c6 24. Re1 Qd6 25. Rf4 f6 26. d5 Rfe8 27. Rxe8+
Rxe8 28. Rd4 Re4 29. Kg2 b6 30. Rxe4 Bxe4+ 31. f3 Bg6 32. Nf2 cxd5 33. Qxd5+
Qxd5 34. cxd5 Bb1 35. a3 Ba2 36. Ne4 Bxb3 37. Nc3 Kf8 38. Kf2 Ke7 39. Ke3 Bc4
40. h4 Bf1 41. f4 Kd6 42. Kd4 a6 43. Ne4+ Ke7 44. Ng3 Bh3 45. Nh5 g6 46. Ng3
Bg2 47. f5 gxf5 48. Nxf5+ Kf8 49. h5 Bh3 50. Ne3 Kg7 51. d6 b5 52. Nd5 Kf7 53.
h6 a5 54. h7 Kg7 55. Nxf6 b4 56. a4 Be6 57. d7 Bxd7 58. Nxd7 Kxh7 59. Ne5 Kg7
60. Nc6 1-0

[Event "Open de la Constitución 2019"]
[Site "S. S. de los Reyes ESP"]
[Date "2019.12.06"]
[Round "7.8"]
[White "Sacristan Virseda, Fernando"]
[Black "Martin Rodriguez, Emilio"]
[Result "1-0"]
[WhiteElo "1880"]
[BlackElo "2030"]
[PlyCount "133"]
[EventDate "2019.11.30"]
[EventType "swiss"]
[EventRounds "9"]
[EventCountry "ESP"]
[SourceTitle "Ajedrez en Madrid"]
[Source "lmi"]
[SourceDate "2019.11.30"]
[SourceVersion "1"]
[SourceVersionDate "2019.12.16"]
[SourceQuality "1"]

1. e4 c6 2. d4 d5 3. Nd2 dxe4 4. Nxe4 Nd7 5. Nf3 Ngf6 6. Bd3 Nxe4 7. Bxe4 Nf6
8. Bd3 Bg4 9. c3 e6 10. O-O Be7 11. h3 Bh5 12. Re1 O-O 13. g4 Bg6 14. Bxg6 hxg6
15. Ne5 c5 16. dxc5 Bxc5 17. Qxd8 Rfxd8 18. Bg5 Rd5 19. c4 Rd6 20. Rab1 a5 21.
Bf4 Bb4 22. Red1 Rad8 23. Rxd6 Bxd6 24. Rd1 Be7 25. Rxd8+ Bxd8 26. f3 Bb6+ 27.
Kf1 Bd4 28. b3 g5 29. Bg3 Kf8 30. Ke2 Ke7 31. Kd3 Bb2 32. Kc2 Bd4 33. Nd3 Nd7
34. Bc7 b6 35. a3 g6 36. b4 axb4 37. axb4 f5 38. Kb3 e5 39. c5 e4 40. fxe4 fxe4
41. Nc1 bxc5 42. b5 Be5 43. Ba5 Kd6 44. Ne2 Kd5 45. Bd2 Bf6 46. Be3 Nb6 47.
Nc3+ Bxc3 48. Kxc3 Nc4 49. Bxg5 Nd6 50. b6 Kc6 51. Bd8 Nf7 52. Bc7 Ng5 53. h4
Ne6 54. h5 gxh5 55. gxh5 Ng5 56. h6 Nh7 57. Kc4 Nf8 58. Bd8 Nh7 59. Be7 Kxb6
60. Kd5 c4 61. Kxe4 c3 62. Kf5 c2 63. Ba3 Nf8 64. Kf6 Nh7+ 65. Kg7 Ng5 66. Bc1
Ne6+ 67. Kf7 1-0

[Event "Open de la Constitución 2019"]
[Site "S. S. de los Reyes ESP"]
[Date "2019.12.06"]
[Round "7.9"]
[White "Perdiguero Herreros, Alejandro"]
[Black "Bassani, Jaison Jose"]
[Result "0-1"]
[WhiteElo "1675"]
[BlackElo "2013"]
[PlyCount "74"]
[EventDate "2019.11.30"]
[EventType "swiss"]
[EventRounds "9"]
[EventCountry "ESP"]
[SourceTitle "Ajedrez en Madrid"]
[Source "lmi"]
[SourceDate "2019.11.30"]
[SourceVersion "1"]
[SourceVersionDate "2019.12.16"]
[SourceQuality "1"]

1. e4 c5 2. c3 Nf6 3. Bd3 Nc6 4. Bc2 d5 5. d3 dxe4 6. dxe4 Qxd1+ 7. Kxd1 e5 8.
h3 Be6 9. Be3 O-O-O+ 10. Nd2 Be7 11. Ke2 h6 12. Bb3 Bxb3 13. axb3 Rd7 14. Ngf3
Kb8 15. g4 Rhd8 16. g5 hxg5 17. Nxg5 Bf8 18. Nc4 Nh5 19. Kf3 b6 20. Nh7 Be7 21.
Kg4 g6 22. Ng5 Bxg5 23. Bxg5 f6 24. Be3 Rd3 25. Kf3 f5 26. exf5 gxf5 27. Kg2 f4
28. Bc1 Rg8+ 29. Kh2 f3 30. Rg1 Rxg1 31. Kxg1 Rd1+ 32. Kh2 Rf1 33. Ne3 Rxf2+
34. Kg1 Re2 35. Ng4 Rg2+ 36. Kf1 Ng3+ 37. Ke1 Re2+ 0-1

[Event "Open de la Constitución 2019"]
[Site "S. S. de los Reyes ESP"]
[Date "2019.12.06"]
[Round "7.11"]
[White "Cabañas Bravo, Juan Andres"]
[Black "Rubio Caceres, Aaron"]
[Result "1-0"]
[WhiteElo "2063"]
[BlackElo "1711"]
[PlyCount "87"]
[EventDate "2019.11.30"]
[EventType "swiss"]
[EventRounds "9"]
[EventCountry "ESP"]
[SourceTitle "Ajedrez en Madrid"]
[Source "lmi"]
[SourceDate "2019.11.30"]
[SourceVersion "1"]
[SourceVersionDate "2019.12.16"]
[SourceQuality "1"]

1. e4 c6 2. Ne2 d5 3. e5 c5 4. d4 Nc6 5. c3 Bd7 6. Ng3 cxd4 7. cxd4 Qb6 8. Ne2
Bg4 9. f3 Bf5 10. g4 Bg6 11. e6 O-O-O 12. a3 Kb8 13. Bf4+ Ka8 14. b4 Bxb1 15.
Rxb1 fxe6 16. b5 Na5 17. Nc3 Nc4 18. Bxc4 dxc4 19. Be5 Nf6 20. Qd2 Qa5 21. O-O
Nd5 22. Rfc1 Rg8 23. Qa2 Rc8 24. Ne4 g6 25. Rxc4 Rxc4 26. Qxc4 Bh6 27. g5 Qxa3
28. gxh6 Qe3+ 29. Nf2 Qxf3 30. Rc1 Nb6 31. Qxe6 Rf8 32. Bg3 Qa3 33. Re1 Nc8 34.
Qe5 Nb6 35. Qxe7 Qf3 36. Qe8+ Nc8 37. Qe5 Nb6 38. Qg7 Nd5 39. Qe5 Nb6 40. Qe6
Nc8 41. d5 Qa3 42. Qe5 Nb6 43. d6 Nd7 44. Qe7 1-0

[Event "Open de la Constitución 2019"]
[Site "S. S. de los Reyes ESP"]
[Date "2019.12.06"]
[Round "7.12"]
[White "Blanco Martin, Oscar"]
[Black "Ramos Fernandez, Pedro"]
[Result "1/2-1/2"]
[WhiteElo "1692"]
[BlackElo "2008"]
[PlyCount "86"]
[EventDate "2019.11.30"]
[EventType "swiss"]
[EventRounds "9"]
[EventCountry "ESP"]
[SourceTitle "Ajedrez en Madrid"]
[Source "lmi"]
[SourceDate "2019.11.30"]
[SourceVersion "1"]
[SourceVersionDate "2019.12.16"]
[SourceQuality "1"]

1. c4 Nf6 2. g3 e6 3. Bg2 d5 4. Nf3 Be7 5. O-O O-O 6. d4 c6 7. Qc2 b6 8. Nc3
Bb7 9. cxd5 cxd5 10. Bf4 Nc6 11. Rac1 Rc8 12. Rfd1 a6 13. Ne5 b5 14. Qd2 Qb6
15. Nxc6 Bxc6 16. b3 b4 17. Nb1 Ne4 18. Qb2 Bb5 19. f3 Nc3 20. Nxc3 bxc3 21.
Rxc3 Ba3 22. Qc2 Rxc3 23. Qxc3 Bxe2 24. Rb1 Bb4 25. Qe3 Bb5 26. a4 Bd7 27. Rc1
Ba3 28. Rc2 Rc8 29. Rxc8+ Bxc8 30. Qd3 Bb2 31. Be3 Qb4 32. Kf2 Bb7 33. Bf1 f6
34. f4 Bc3 35. Qd1 Kf8 36. Bh3 Ke7 37. Qg4 Kf8 38. Qxe6 Bxd4 39. Bxd4 Qxd4+ 40.
Kf1 Qd1+ 41. Kf2 Qd2+ 42. Kf1 Qd1+ 43. Kf2 Qd2+ 1/2-1/2

[Event "Open de la Constitución 2019"]
[Site "S. S. de los Reyes ESP"]
[Date "2019.12.06"]
[Round "7.13"]
[White "Vazquez Gonzalez, Jesus"]
[Black "Garcia Minguez, Antonio"]
[Result "1-0"]
[WhiteElo "1929"]
[BlackElo "1542"]
[PlyCount "89"]
[EventDate "2019.11.30"]
[EventType "swiss"]
[EventRounds "9"]
[EventCountry "ESP"]
[SourceTitle "Ajedrez en Madrid"]
[Source "lmi"]
[SourceDate "2019.11.30"]
[SourceVersion "1"]
[SourceVersionDate "2019.12.16"]
[SourceQuality "1"]

1. e4 e6 2. Bd3 d5 3. c3 dxe4 4. Bxe4 Nf6 5. Bc2 b6 6. d4 Bb7 7. Nf3 Bd6 8. O-O
O-O 9. Bg5 Nbd7 10. Re1 c5 11. Qd3 cxd4 12. Nxd4 Qb8 13. Qh3 g6 14. Nd2 Nh5 15.
Ne4 Bf4 16. Bh4 e5 17. Qxd7 exd4 18. g3 Rd8 19. Bxd8 Qxd8 20. Qxd8+ Rxd8 21.
gxf4 d3 22. Rad1 Nxf4 23. Bxd3 Rxd3 24. Rxd3 Nxd3 25. Re3 Nxb2 26. Nf6+ Kg7 27.
Ne8+ Kf8 28. Nd6 Bd5 29. Re8+ Kg7 30. Re7 a6 31. a3 Na4 32. Re3 Nc5 33. Ne8+
Kf8 34. Nf6 Be6 35. Nxh7+ Kg7 36. Ng5 Bc4 37. Ne4 Nxe4 38. Rxe4 b5 39. f4 a5
40. a4 Bd3 41. Rd4 Be2 42. axb5 Bxb5 43. Rd5 Bc4 44. Rxa5 Kf6 45. Kf2 1-0

[Event "Open de la Constitución 2019"]
[Site "S. S. de los Reyes ESP"]
[Date "2019.12.06"]
[Round "7.14"]
[White "Pindado Del Carmen, Eliseo"]
[Black "Marcos Herrero, Francisco"]
[Result "0-1"]
[WhiteElo "1531"]
[BlackElo "1788"]
[PlyCount "64"]
[EventDate "2019.11.30"]
[EventType "swiss"]
[EventRounds "9"]
[EventCountry "ESP"]
[SourceTitle "Ajedrez en Madrid"]
[Source "lmi"]
[SourceDate "2019.11.30"]
[SourceVersion "1"]
[SourceVersionDate "2019.12.16"]
[SourceQuality "1"]

1. d4 Nf6 2. Bf4 c5 3. e3 b6 4. h3 g6 5. c3 Bg7 6. Nd2 Bb7 7. Ngf3 d6 8. Be2
Nbd7 9. O-O O-O 10. Rc1 Qc7 11. Bh2 Rac8 12. Qb3 Qb8 13. Rfe1 Qa8 14. Bf1 Rc7
15. Be2 Bh6 16. Nh4 Rfc8 17. Bf3 cxd4 18. Bxb7 Qxb7 19. Bf4 dxc3 20. Rxc3 Rxc3
21. bxc3 Nc5 22. Qc2 Bg7 23. f3 Nd5 24. c4 Nb4 25. Qb1 Nbd3 26. Re2 a6 27. Bg3
b5 28. f4 bxc4 29. Qc2 c3 30. Nb3 Nxb3 31. axb3 Nb4 32. Qb1 c2 0-1

[Event "Open de la Constitución 2019"]
[Site "S. S. de los Reyes ESP"]
[Date "2019.12.06"]
[Round "7.15"]
[White "Boza Moreno, Pedro"]
[Black "Campos Calvo-Sotelo, Javier"]
[Result "0-1"]
[WhiteElo "1671"]
[BlackElo "1951"]
[PlyCount "50"]
[EventDate "2019.11.30"]
[EventType "swiss"]
[EventRounds "9"]
[EventCountry "ESP"]
[SourceTitle "Ajedrez en Madrid"]
[Source "lmi"]
[SourceDate "2019.11.30"]
[SourceVersion "1"]
[SourceVersionDate "2019.12.16"]
[SourceQuality "1"]

1. e4 d5 2. exd5 Nf6 3. Nc3 Nxd5 4. Nxd5 Qxd5 5. Nf3 Nc6 6. h3 e5 7. d3 Bc5 8.
c3 a5 9. Be2 Bf5 10. Qb3 O-O-O 11. O-O Kb8 12. Rd1 Qxb3 13. axb3 e4 14. Ne1
exd3 15. Nxd3 Rhe8 16. Kf1 Bb6 17. Bf4 f6 18. Bg3 Re7 19. Nf4 Rxd1+ 20. Rxd1
Bc2 21. Rd2 Bxb3 22. Bf3 Ne5 23. Be2 Rd7 24. Rxd7 Nxd7 25. Nd5 Bxd5 0-1

[Event "Open de la Constitución 2019"]
[Site "S. S. de los Reyes ESP"]
[Date "2019.12.06"]
[Round "7.16"]
[White "De Vicente Guijarro, Juan"]
[Black "Nuevo Benitez, Miguel Angel"]
[Result "1/2-1/2"]
[WhiteElo "1853"]
[BlackElo "1707"]
[PlyCount "59"]
[EventDate "2019.11.30"]
[EventType "swiss"]
[EventRounds "9"]
[EventCountry "ESP"]
[SourceTitle "Ajedrez en Madrid"]
[Source "lmi"]
[SourceDate "2019.11.30"]
[SourceVersion "1"]
[SourceVersionDate "2019.12.16"]
[SourceQuality "1"]

1. e4 d6 2. d4 g6 3. Nf3 Bg7 4. Bc4 Nf6 5. Qe2 O-O 6. e5 dxe5 7. dxe5 Nd5 8. h3
c6 9. a4 a5 10. O-O b6 11. Re1 e6 12. Bd2 Ba6 13. Nc3 Bxc4 14. Qxc4 Nxc3 15.
Qxc3 c5 16. Rad1 Qc7 17. Qc4 Nc6 18. Qe4 Rad8 19. Bc3 Nb4 20. Bxb4 axb4 21. Nd2
Rd4 22. Qe2 Rfd8 23. Nc4 Rxd1 24. Rxd1 Rxd1+ 25. Qxd1 Bxe5 26. Nxe5 Qxe5 27.
Qd8+ Kg7 28. Qxb6 Qe1+ 29. Kh2 Qe5+ 30. Kg1 1/2-1/2

[Event "Open de la Constitución 2019"]
[Site "S. S. de los Reyes ESP"]
[Date "2019.12.06"]
[Round "7.17"]
[White "Rodriguez Garcia, Alberto"]
[Black "Lozano Hernanz, Rodrigo"]
[Result "1-0"]
[WhiteElo "1831"]
[BlackElo "1485"]
[PlyCount "107"]
[EventDate "2019.11.30"]
[EventType "swiss"]
[EventRounds "9"]
[EventCountry "ESP"]
[SourceTitle "Ajedrez en Madrid"]
[Source "lmi"]
[SourceDate "2019.11.30"]
[SourceVersion "1"]
[SourceVersionDate "2019.12.16"]
[SourceQuality "1"]

1. d4 Nf6 2. c4 e6 3. Nf3 d5 4. Bg5 Bb4+ 5. Nc3 O-O 6. a3 Bxc3+ 7. bxc3 c6 8.
Bxf6 Qxf6 9. e3 Nd7 10. Bd3 dxc4 11. Bxc4 b5 12. Bd3 Bb7 13. O-O a6 14. Qc2 h6
15. Be4 Qe7 16. c4 f5 17. Bd3 c5 18. Qe2 Bxf3 19. Qxf3 cxd4 20. exd4 bxc4 21.
Bxc4 Nb6 22. Bb3 Qd6 23. Rfe1 Qxd4 24. Rad1 Qg4 25. Qxg4 fxg4 26. Rxe6 Kh8 27.
Rxb6 Rab8 28. Rxb8 Rxb8 29. Rd3 a5 30. f3 gxf3 31. Rxf3 Kh7 32. Kf2 Kh8 33. Kg3
Kh7 34. Be6 Re8 35. Bd7 Re7 36. Bb5 Re5 37. a4 Rg5+ 38. Kf2 Rd5 39. Rf7 Rd2+
40. Kf3 Rb2 41. h3 Kg6 42. Ra7 Rb3+ 43. Kf2 Kg5 44. Rxg7+ Kf4 45. Ra7 Rb2+ 46.
Be2 h5 47. Rxa5 h4 48. Ra8 Ra2 49. a5 Ra3 50. a6 Re3 51. Rf8+ Kg5 52. Kxe3 Kh6
53. Rg8 Kh7 54. Rg4 1-0